<?xml version="1.0" encoding="UTF-8"?>
<record
    xmlns:xsi="http://www.w3.org/2001/XMLSchema-instance"
    xsi:schemaLocation="http://www.loc.gov/MARC21/slim http://www.loc.gov/standards/marcxml/schema/MARC21slim.xsd"
    xmlns="http://www.loc.gov/MARC21/slim">

  <leader>02057nam0a22003611  4500</leader>
  <controlfield tag="001">rc\488300</controlfield>
  <controlfield tag="005">20250621103619.0</controlfield>
  <datafield tag="035" ind1=" " ind2=" ">
    <subfield code="a">(NLR Aleph) 005730480</subfield>
  </datafield>
  <datafield tag="090" ind1=" " ind2=" ">
    <subfield code="a">7573573</subfield>
    <subfield code="c">7573573</subfield>
  </datafield>
  <datafield tag="100" ind1=" " ind2=" ">
    <subfield code="a">20030616d1987    |||y0rusy50      ca</subfield>
  </datafield>
  <datafield tag="101" ind1="0" ind2=" ">
    <subfield code="a">rus</subfield>
  </datafield>
  <datafield tag="102" ind1=" " ind2=" ">
    <subfield code="a">RU</subfield>
  </datafield>
  <datafield tag="105" ind1=" " ind2=" ">
    <subfield code="a">a   |||||||||</subfield>
  </datafield>
  <datafield tag="200" ind1="1" ind2=" ">
    <subfield code="a">&#x41F;&#x43E;&#x432;&#x435;&#x441;&#x442;&#x438; &#x438; &#x440;&#x430;&#x441;&#x441;&#x43A;&#x430;&#x437;&#x44B;</subfield>
    <subfield code="f">&#x412;&#x430;&#x43B;&#x435;&#x440;&#x438;&#x439; &#x411;&#x440;&#x44E;&#x441;&#x43E;&#x432;</subfield>
    <subfield code="g">[&#x412;&#x441;&#x442;&#x443;&#x43F;. &#x441;&#x442;. &#x412;.&#x412;. &#x425;&#x438;&#x43C;&#x438;&#x447;, &#x41F;&#x440;&#x438;&#x43C;&#x435;&#x447;. &#x421;.&#x421;. &#x413;&#x440;&#x435;&#x447;&#x438;&#x448;&#x43A;&#x438;&#x43D;&#x430;, &#x410;.&#x412;. &#x41B;&#x430;&#x432;&#x440;&#x43E;&#x432;&#x430;</subfield>
    <subfield code="g">&#x425;&#x443;&#x434;. &#x410;.&#x412;. &#x412;&#x43E;&#x445;&#x43C;&#x438;&#x43D;]</subfield>
  </datafield>
  <datafield tag="210" ind1=" " ind2=" ">
    <subfield code="a">&#x421;&#x432;&#x435;&#x440;&#x434;&#x43B;&#x43E;&#x432;&#x441;&#x43A;</subfield>
    <subfield code="c">&#x418;&#x437;&#x434;-&#x432;&#x43E; &#x423;&#x440;&#x430;&#x43B;. &#x443;&#x43D;-&#x442;&#x430;</subfield>
    <subfield code="d">1987</subfield>
  </datafield>
  <datafield tag="215" ind1=" " ind2=" ">
    <subfield code="a">317, [2] &#x441;.</subfield>
    <subfield code="c">&#x438;&#x43B;.</subfield>
    <subfield code="d">20</subfield>
  </datafield>
  <datafield tag="327" ind1="0" ind2=" ">
    <subfield code="a">&#x421;&#x43E;&#x434;&#x435;&#x440;&#x436;.: &#x41F;&#x43E;&#x434; &#x421;&#x442;&#x430;&#x440;&#x44B;&#x43C; &#x43C;&#x43E;&#x441;&#x442;&#x43E;&#x43C;; &#x412; &#x43F;&#x43E;&#x434;&#x437;&#x435;&#x43C;&#x43D;&#x43E;&#x439; &#x442;&#x44E;&#x440;&#x44C;&#x43C;&#x435;; &#x422;&#x435;&#x43F;&#x435;&#x440;&#x44C;, &#x43A;&#x43E;&#x433;&#x434;&#x430; &#x44F; &#x43F;&#x440;&#x43E;&#x441;&#x43D;&#x443;&#x43B;&#x441;&#x44F;; &#x412; &#x437;&#x435;&#x440;&#x43A;&#x430;&#x43B;&#x435;; &#x412; &#x431;&#x430;&#x448;&#x43D;&#x435;; &#x411;&#x435;&#x43C;&#x43E;&#x43B;&#x44C;; &#x41C;&#x440;&#x430;&#x43C;&#x43E;&#x440;&#x43D;&#x430;&#x44F; &#x433;&#x43E;&#x43B;&#x43E;&#x432;&#x43A;&#x430;; &#x420;&#x435;&#x441;&#x43F;&#x443;&#x431;&#x43B;&#x438;&#x43A;&#x430; &#x42E;&#x436;&#x43D;&#x43E;&#x433;&#x43E; &#x41A;&#x440;&#x435;&#x441;&#x442;&#x430;; &#x41D;&#x43E;&#x447;&#x43D;&#x43E;&#x435; &#x43F;&#x443;&#x442;&#x435;&#x448;&#x435;&#x441;&#x442;&#x432;&#x438;&#x435;; &#x412;&#x43E;&#x441;&#x441;&#x442;&#x430;&#x43D;&#x438;&#x435; &#x43C;&#x430;&#x448;&#x438;&#x43D;, &#x438; &#x434;&#x440;. &#x43F;&#x440;&#x43E;&#x438;&#x437;&#x432;&#x435;&#x434;&#x435;&#x43D;&#x438;&#x44F;</subfield>
  </datafield>
  <datafield tag="464" ind1=" " ind2="0">
    <subfield code="1">2001#$a&#x41F;&#x43E;&#x434; &#x421;&#x442;&#x430;&#x440;&#x44B;&#x43C; &#x43C;&#x43E;&#x441;&#x442;&#x43E;&#x43C;</subfield>
    <subfield code="t">&#x41F;&#x43E;&#x434; &#x421;&#x442;&#x430;&#x440;&#x44B;&#x43C; &#x43C;&#x43E;&#x441;&#x442;&#x43E;&#x43C;</subfield>
  </datafield>
  <datafield tag="464" ind1=" " ind2="0">
    <subfield code="1">2001#$a&#x412; &#x43F;&#x43E;&#x434;&#x437;&#x435;&#x43C;&#x43D;&#x43E;&#x439; &#x442;&#x44E;&#x440;&#x44C;&#x43C;&#x435;</subfield>
    <subfield code="t">&#x412; &#x43F;&#x43E;&#x434;&#x437;&#x435;&#x43C;&#x43D;&#x43E;&#x439; &#x442;&#x44E;&#x440;&#x44C;&#x43C;&#x435;</subfield>
  </datafield>
  <datafield tag="464" ind1=" " ind2="0">
    <subfield code="1">2001#$a&#x422;&#x435;&#x43F;&#x435;&#x440;&#x44C;, &#x43A;&#x43E;&#x433;&#x434;&#x430; &#x44F; &#x43F;&#x440;&#x43E;&#x441;&#x43D;&#x443;&#x43B;&#x441;&#x44F;</subfield>
    <subfield code="t">&#x422;&#x435;&#x43F;&#x435;&#x440;&#x44C;, &#x43A;&#x43E;&#x433;&#x434;&#x430; &#x44F; &#x43F;&#x440;&#x43E;&#x441;&#x43D;&#x443;&#x43B;&#x441;&#x44F;</subfield>
  </datafield>
  <datafield tag="464" ind1=" " ind2="0">
    <subfield code="1">2001#$a&#x412; &#x437;&#x435;&#x440;&#x43A;&#x430;&#x43B;&#x435;</subfield>
    <subfield code="t">&#x412; &#x437;&#x435;&#x440;&#x43A;&#x430;&#x43B;&#x435;</subfield>
  </datafield>
  <datafield tag="464" ind1=" " ind2="0">
    <subfield code="1">2001#$a&#x412; &#x431;&#x430;&#x448;&#x43D;&#x435;</subfield>
    <subfield code="t">&#x412; &#x431;&#x430;&#x448;&#x43D;&#x435;</subfield>
  </datafield>
  <datafield tag="464" ind1=" " ind2="0">
    <subfield code="1">2001#$a&#x411;&#x435;&#x43C;&#x43E;&#x43B;&#x44C;</subfield>
    <subfield code="t">&#x411;&#x435;&#x43C;&#x43E;&#x43B;&#x44C;</subfield>
  </datafield>
  <datafield tag="464" ind1=" " ind2="0">
    <subfield code="1">2001#$a&#x41C;&#x440;&#x430;&#x43C;&#x43E;&#x440;&#x43D;&#x430;&#x44F; &#x433;&#x43E;&#x43B;&#x43E;&#x432;&#x43A;&#x430;</subfield>
    <subfield code="t">&#x41C;&#x440;&#x430;&#x43C;&#x43E;&#x440;&#x43D;&#x430;&#x44F; &#x433;&#x43E;&#x43B;&#x43E;&#x432;&#x43A;&#x430;</subfield>
  </datafield>
  <datafield tag="464" ind1=" " ind2="0">
    <subfield code="1">2001#$a&#x420;&#x435;&#x441;&#x43F;&#x443;&#x431;&#x43B;&#x438;&#x43A;&#x430; &#x42E;&#x436;&#x43D;&#x43E;&#x433;&#x43E; &#x41A;&#x440;&#x435;&#x441;&#x442;&#x430;</subfield>
    <subfield code="t">&#x420;&#x435;&#x441;&#x43F;&#x443;&#x431;&#x43B;&#x438;&#x43A;&#x430; &#x42E;&#x436;&#x43D;&#x43E;&#x433;&#x43E; &#x41A;&#x440;&#x435;&#x441;&#x442;&#x430;</subfield>
  </datafield>
  <datafield tag="464" ind1=" " ind2="0">
    <subfield code="1">2001#$a&#x41D;&#x43E;&#x447;&#x43D;&#x43E;&#x435; &#x43F;&#x443;&#x442;&#x435;&#x448;&#x435;&#x441;&#x442;&#x432;&#x438;&#x435;</subfield>
    <subfield code="t">&#x41D;&#x43E;&#x447;&#x43D;&#x43E;&#x435; &#x43F;&#x443;&#x442;&#x435;&#x448;&#x435;&#x441;&#x442;&#x432;&#x438;&#x435;</subfield>
  </datafield>
  <datafield tag="464" ind1=" " ind2="0">
    <subfield code="1">2001#$a&#x412;&#x43E;&#x441;&#x441;&#x442;&#x430;&#x43D;&#x438;&#x435; &#x43C;&#x430;&#x448;&#x438;&#x43D;</subfield>
    <subfield code="t">&#x412;&#x43E;&#x441;&#x441;&#x442;&#x430;&#x43D;&#x438;&#x435; &#x43C;&#x430;&#x448;&#x438;&#x43D;</subfield>
  </datafield>
  <datafield tag="700" ind1=" " ind2="1">
    <subfield code="a">&#x411;&#x440;&#x44E;&#x441;&#x43E;&#x432;</subfield>
    <subfield code="b">&#x412;.&#x42F;.</subfield>
    <subfield code="f">1873-1924</subfield>
    <subfield code="g">&#x412;&#x430;&#x43B;&#x435;&#x440;&#x438;&#x439; &#x42F;&#x43A;&#x43E;&#x432;&#x43B;&#x435;&#x432;&#x438;&#x447;</subfield>
  </datafield>
  <datafield tag="801" ind1=" " ind2="0">
    <subfield code="a">RU</subfield>
    <subfield code="b">NLR</subfield>
    <subfield code="g">psbo</subfield>
  </datafield>
  <datafield tag="801" ind1=" " ind2="1">
    <subfield code="a">RU</subfield>
    <subfield code="b">ELAR</subfield>
    <subfield code="2">rusmarc</subfield>
  </datafield>
  <datafield tag="852" ind1=" " ind2=" ">
    <subfield code="a">NLR</subfield>
    <subfield code="j">87-3/8751</subfield>
  </datafield>
  <datafield tag="942" ind1=" " ind2=" ">
    <subfield code="c">BOOK</subfield>
  </datafield>
  <datafield tag="980" ind1=" " ind2=" ">
    <subfield code="a">NB</subfield>
  </datafield>
  <datafield tag="995" ind1=" " ind2=" ">
    <subfield code="5">2013-10-26</subfield>
    <subfield code="b">NLR01</subfield>
    <subfield code="c">NLR01</subfield>
    <subfield code="e">RF9</subfield>
    <subfield code="f">1-928078</subfield>
    <subfield code="k">87-3/8751</subfield>
    <subfield code="o">0</subfield>
    <subfield code="r">BOOK</subfield>
    <subfield code="s">8738751_</subfield>
  </datafield>
</record>
